000 01169cam a2200253 4500
008 000000n2000 000 0 eng u
020 _a0414013018
035 _a(Sirsi) u103642
041 _aeng
100 _aAnderson, Richard
245 2 _aA practical guide to adjudication in construction matters.
260 _aEdinburgh
_bW. Green/Sweet & Maxwell
_c2000
300 _axxvi,990p. ; 25cm.
350 _a65.00
520 _aComprehensive guide to the procedures on adjudication as introduced by the Housing Grants, Construction and Regeneration Act 1996. The relevant statutory provisions are supported by the Scheme for Construction Contracts Regulations, which came into operation on May 1, 1998. Applies to disputes throughout the UK.
650 _aMANAGEMENT-DISPUTE AVOIDANCE, MANAGEMENT AND RESOLUTION-DISPUTE MANAGEMENT AND RESOLUTION-ALTERNATIVE DISPUTE RESOLUTION-ADJUDICATION
650 _aCONSTRUCTION DISPUTES
650 _aHOUSING GRANTS CONSTRUCTION AND REGENERATION ACT 1996
650 _aICE ADJUDICATION PROCEDURE
650 _aJCT ADJUDICATION RULES
650 _aSCOTLAND
690 _aDISPUTE RESOLUTION
_96236
942 _n0
999 _c100147
_d100147